Essays on science /

Bibliographic Details
Main Author: Spoehr, H. A. (Herman Augustus), 1885-1954
Format: Book
Language:English
Published: Stanford : Stanford University Press, 1956.
Subjects:

MARC

Tag First Indicator Second Indicator Subfields
LEADER 00000cam a2200000 4500
001 in00000049119
005 20151007065650.0
008 720713s1956 cau 00000 eng u
010 |a  56005678  
035 |a (OCoLC)00355714 
035 |9 AAE2437AM 
040 |c OUN  |d TXA  |d UtOrBLW 
049 |a TXAM  |c [268017] 
050 0 |a Q171  |b .S77 
082 0 |a 504 
092 |a 504  |b S762e 
100 1 |a Spoehr, H. A.  |q (Herman Augustus),  |d 1885-1954. 
245 1 0 |a Essays on science /  |c by Herman Augustus Spoehr; a selection from his works. With a foreword by C. Stacy French, contributions by Alexander Spoehr, Hortense Spoehr Miller, and James H. C. Smith, and a bibliography compiled by Wilbur A. Pestell. 
264 1 |a Stanford :  |b Stanford University Press,  |c 1956. 
300 |a 220 pages :  |b illustrations ;  |c 23 cm. 
336 |a text  |b txt  |2 rdacontent 
337 |a unmediated  |b n  |2 rdamedia 
338 |a volume  |b nc  |2 rdacarrier 
650 0 |a Science. 
999 |a MARS 
999 f f |s a6155250-4a0c-3246-9842-069c185bb128  |i 89751791-ec1f-331c-8d53-df3e6b5af32d  |t 0 
952 f f |p ric  |a Texas A&M University  |b Rellis Campus  |c Joint Library Facility  |d Remote Storage  |t 0  |e Q171 .S77  |h Library of Congress classification  |i unmediated -- volume  |m A14800893303 
998 f f |a Q171 .S77  |t 0  |l Remote Storage